000 01237nam a2200313 c 4500
003 BLK
005 20211123155643.0
008 180412b bul|||||r ||||||| ||bul||
010 _aKNG00004660000
040 _aBLK
041 _aBUL
_cBUL
080 _aИздания за деца и юноши. Книжки-картинки. Читанки. Вж и 372.4
_b087.5
_x
_z087.5
100 1 _aДжордж, Джордж М.
_eпърви автор
_9363442
700 1 _aИванчев, Ивайло Борисов
_eхудож.
_9241963
139 _aДжордж, Джордж М.
_bД 52
245 1 0 _aДревното зло
_bКн.-игра за юноши
_cДжордж М. Джордж; худож. Ивайло Борисов Иванчев.
257 _aBGR
260 София
_bПлеяда
_c1994
_fВраца : Полипринт
300 _a192 с.
_bс ил., сх.
_c20 см
380 _a0
500 _aДжордж М. Джордж - псевд. на бълг. авт ; 12 000 тир.
650 4 _aДетски игри
_9241574
653 _aкниги-игри
852 _aЦб 181980
856 4 _qpdf
_u
856 4 _qpdf
_u
942 _cKNG
_n0
_01
944 _aCR
_c15.01.2003
_kЦветанка_Енчева
944 _aED
_c16.11.2005
_k
999 _c3563
_d3563